00649nam a2200169Ia 4500008004100000020001800041082001600059100002600075245005800101260002600159300001100185440003500196500001600231650010800247952010700355999001700462120622s9999 xx 000 0 und d a84-244-0530-7 a338.9 A584p aAngelopoulos, Angelos aUn plan mundial para el empleo / Angelos Angelopoulos aEspaña : Fontanella a215 p. aLibros de confrontación ; 36 aSin Portada a1. POLITICA ECONOMICA \ 2. DESARROLLO ECONOMICO \ 3. CRISIS ECONOMICA \ 4. EMPLEO (TEORIA ECONOMICA)Ì 00102lcc4070a22b22d2007-01-25l2o338.9 A584Pp01 002731r2023-07-19s2013-06-06w2012-06-24yLB c57675d57675